000 00286nam a22001097a 4500
008 160506b xxu||||| |||| 00| 0 eng d
020 _a0820513008
041 _aeng
080 _a61
245 _aAttorneys textbook of medicine:
_cRoscoe N. Gray M.D.;Louise J.GordyLL.B.;
942 _2udc
_cBK
999 _c1850
_d1850